Nba 50-40-90 club - Statistics

General Stats
  • This quiz has been taken 34 times
  • The average score is 9 of 14
Answer Stats
Hint Answer % Correct
2016 Curry
95%
1988 Bird
84%
1987 Bird
84%
2007 Dirk
68%
2023 Durant
68%
2013 Durant
68%
2010 Nash
68%
2009 Nash
68%
2008 Nash
68%
2006 Nash
68%
1994 Miller
42%
1989 Price
32%
2019 Brogdon
21%
2021 Irving
21%
No matching quizzes found
Score Distribution
Percent of People with Each Score
Percentile by Number Answered
Your Score History
You have not taken this quiz